History Quiz

Random History Quiz

Speed Dating Quiz Stats

 Plays Quiz not verified by Sporcle

Also try: Bush/Obama Facts
Challenge
Share
Tweet
Score 0/40 Timer 02:00
0 Plays Today
Hint Answer % Correct
????
98.4%
????
97.2%
????
97.1%
????
97%
????
96.8%
????
96.5%
????
96.4%
????
96.4%
????
96.2%
????
95.8%
????
95.3%
????
95.3%
????
94.2%
????
93.1%
????
92.7%
????
91.7%
????
91.3%
????
90.8%
????
90.8%
????
89%
Hint Answer % Correct
????
84.8%
????
83%
????
78.9%
????
74.3%
????
70.5%
????
68.3%
????
64.2%
????
60.6%
????
55.9%
????
52.5%
????
46.9%
????
41.4%
????
36.5%
????
33.3%
????
31.1%
????
26.5%
????
22.5%
????
20.7%
????
17.4%
????
13.3%

You're not logged in!

Compare scores with friends on all Sporcle quizzes.
OR
Log In

You Might Also Like...

Show Comments

Extras

Editor's Pick Feb 21, 2011ReportNominate
Tags:date, dating, event, speed

Top Quizzes Today


Score Distribution

Your Account Isn't Verified!

In order to create a playlist on Sporcle, you need to verify the email address you used during registration. Go to your Sporcle Settings to finish the process.

Report this User

Report this user for behavior that violates our Community Guidelines.

Details: